La niña gorda /

Uloženo v:
Podrobná bibliografie
Hlavní autor: Rusiñol, Santiago (autor)
Médium: Kniha
Jazyk:španělština
Vydáno: Madrid, España : Biblioteca Nueva, 1997, c1997
Edice:(Literatura de Humor)
Témata:
Tagy: Přidat tag
Žádné tagy, Buďte první, kdo vytvoří štítek k tomuto záznamu!

MARC

LEADER 00000nam^a2200000^a^4500
001 000165621
005 20250521000000.0
009 20260310101025.318
020 |a 84-7030-415-1 
037 |a Acervo ITESO - Biblioteca 
041 |a ESP 
082 |a 863.  |b RUS 
100 |a Rusiñol, Santiago  |e (autor) 
245 1 3 |a La niña gorda /  |c S. Rusiñol ; introd. de Enrique García Fuentes ; tr. por Arturo Mori. 
264 4 |a Madrid, España :  |b Biblioteca Nueva,  |c 1997, c1997 
300 |a 199 p. 
336 |a texto  |b txt  |2 rdacontenido 
337 |a sin mediación  |b n  |2 rdamedio 
338 |a volumen  |b nc  |2 rdasoporte 
440 1 |a (Literatura de Humor) 
649 |a XX 
650 |a Novela Catalana 
650 |a Novela Española 
650 |a Literatura Catalana -  |y Siglo XX 
650 |a Literatura Española -  |y Siglo XX 
650 |a Obesidad 
650 |a Trastornos de la Alimentación 
650 |a Psicología Social 
910 |a Fondo General 
920 |a Impresos - Libros 
930 |a Colección General 
940 |a Literatura 
905 |a 101 
901 |a 0500101249  |b IT1  |c LIT  |u 20250521 
902 |a https://opac.biblio.iteso.mx/vufind/Record/000165621